01752nam a2200301 a 450000100100000000500170001000800410002704000250006808200200009310000370011324500700015026000360022030000210025650400410027750000620031850001960038065000510057665000220062770000240064904900090067395201240068295201330080695201330093995201180107295201240119095201190131499900170143300001383120260324092932.0091130s2004 dr a 000 e spa d aDO-SdBNPbspacBNPHU aRD864.44bP853c1 aPortorreal, Johnnyd1953-93133110aCaer en la carcel /cJohnny Portorreal Reyes; Editor Pablo Mejia. aSanto Domingo :b[s.n.],c2004. a162 p. ;c24 cm. aIncluye referencias bibliografícas aIncluye datos bigráficos del autor en la contracubierta aLo que todo hombre y mujer y debe saber sobre las leyes. peninteciarias reales de las carceles por dentro y por fuera. Relatos de hechos horrorosos en prisiones y algunas vivencias del autor. 4aEnsayos dominicanosxRelatos personales931332 0aPrisiones 9170911 aMejia, Pablo931333 aBNPD 0010718DSaGRbGRcCTd2009-12-01iLF1l0oRD864.44 P853cp13831-30r2020-06-25te. 3w2020-06-25yLFDSZNo se presta 001054708DSaGRbGRcCTd2009-12-01iLF1l0oRD864.44 P853cp13831-40r2020-06-25te. 4w2020-06-25yLFDSZPréstamo en sala 001054708DSaGRbGRcCTd2009-12-01iLF1l0oRD864.44 P853cp13831-50r2020-06-25te. 5w2020-06-25yLFDSZPréstamo en sala 0010718PDaPDbPDcCTd2009-11-30iLF1l0oRD864.44 P853cp13831-10r2020-06-25w2020-06-25yLFPDZNo se presta 0010718PDaPDbPDcCTd2009-11-30iLF1l0oRD864.44 P853cp13831-20r2020-06-25te. 2w2020-06-25yLFPDZNo se presta 00107-18PDaPDbPDcOId2009-11-30iLF1l0oRD864.44 P853cp13832-10r2020-06-25w2020-06-25yLFPDZNo se presta c13442d13442